000 00568nam a2200193 a 4500
001 3199
005 20140414131914.0
008 060202s19uu xx 00 eng d
020 _a0-689-86818-9
050 _aER
_bG54 2004
100 _aKatchske, Judy
245 _aGo to school, Charlie Brown! /
_cAdapted by Judy Katschske.
260 _aNew York :
_bLittle Simon,
_c2004.
300 _a1 v. p. : ill. ; cm.
440 _aPeanuts
500 _aBased on the comic strips by Charles M. Schulz.
650 _aSchool
_xFiction
_xChildren stories.
999 _c111370
_d111370